000 00448nam a2200145Ia 4500
003 OSt
005 20260121105024.0
008 211028s2014 xx 000 0 und d
040 _cAIMIT LIBRARY
041 _aeng
100 _aNayak, Smitha; Amin, Venkatesh S.
_g1216134
_97244
245 _aStudy conducted to determine the effectiveness of ADP companys communication program /
260 _aMangalore
_bVenkatesh S Amin
_c2014
942 _2ddc
_cPRO
999 _c218814
_d218814